Atlas ilustrado de las máquinas de Leonardo

I tiakina i:
Ngā taipitopito rārangi puna kōrero
Ngā kaituhi matua: Laurenza, Domenico (Author), Taddei, Mario (Author), Zanon, Edoardo (Author)
Hōputu: Pukapuka
Reo:Pāniora
I whakaputaina: Madrid Susaeta 2006
Putanga:1a. ed
Ngā marau:
Ngā Tūtohu: Tāpirihia he Tūtohu
Kāore He Tūtohu, Me noho koe te mea tuatahi ki te tūtohu i tēnei pūkete!

MARC

LEADER 00000cam a2200000 a 4500
001 UCI4315
003 CL-VaPUC
005 20240830150055.0
008 080111e20060000SP |||||||||||||||||spa|d
999 |c 328270  |d 328268 
020 |a 8430556699 
040 |c Pontificia Universidad Católica de Valparaíso 
082 0 4 |a 621.815  |b LAU  |2 21 
100 |a Laurenza, Domenico  |e author  |9 547189 
245 1 0 |a Atlas ilustrado de las máquinas de Leonardo 
246 1 0 |a Secretos e invenciones en los Códices da Vinci 
250 |a 1a. ed 
260 |a Madrid  |b Susaeta  |c 2006 
300 |a 239 p 
583 |a last modification  |c 20140703 01:42:51  |k Rodrigo Vera 
600 0 |a Da Vinci, Leonardo  |d 1452-1519  |9 561227 
650 0 |a Diseño de máquinas   |9 271533 
650 7 |a INVENTORES  |2 CL-VaPUC  |9 314937 
650 0 |a Simulación por computador  |9 260988 
650 0 |a Objetos tridimensionales  |9 484559 
700 0 |a Taddei, Mario  |e author  |9 526138 
700 0 |a Zanon, Edoardo  |e author  |9 526139 
942 |c BK  |2 ddc 
945 |d 20080111 00:00:00  |a cmena 
952 |0 0  |1 0  |4 0  |6 621_815000000000000_LAU_2006  |7 0  |8 F  |9 412076  |a BIBARQ  |b BIBARQ  |d 2019-11-22  |i 4412273  |l 1  |o 621.815 LAU 2006  |p 4412273  |r 2025-01-20  |s 2024-08-29  |w 2019-11-22  |y BK_F  |k ARQ 
952 |0 0  |1 0  |4 0  |6 621_815000000000000_LAU_2006  |7 0  |8 F  |9 412077  |a BIBARQ  |b BIBARQ  |d 2019-11-22  |i 4473248  |o 621.815 LAU 2006  |p 4473248  |r 2025-01-20  |w 2019-11-22  |y BK_F  |k ARQ 
952 |0 0  |1 0  |4 0  |6 621_815000000000000_LAU_2006  |7 0  |8 A  |9 412078  |a BIBMEC  |b BIBMEC  |d 2019-11-22  |i 4507177  |l 1  |m 1  |o 621.815 LAU 2006  |p 4507177  |r 2024-01-19  |s 2021-10-25  |w 2019-11-22  |y BK  |k MEC 
952 |0 0  |1 0  |4 0  |6 621_815000000000000_LAU_2006  |7 0  |8 A  |9 412079  |a BIBING  |b BIBING  |d 2019-11-22  |i 4872762  |o 621.815 LAU 2006  |p 4872762  |r 2025-01-20  |w 2019-11-22  |y BK  |k CUI 
952 |0 0  |1 0  |3 erd  |4 0  |6 621_815000000000000_LAU_2006  |7 0  |8 A  |9 412080  |a BIBMEC  |b BIBMEC  |i 5088933  |o 621.815 LAU 2006  |p 5088933  |r 2024-01-19  |w 2019-11-22  |y BK  |z Catalogado en:20140703  |k MEC